Микросхемы для современных мониторов: справочное пособие
| Päätekijä: | |
|---|---|
| Yhteenveto: | Книга является первым справочным пособием по микросхемам для современных LCD- и CRT-мониторов. В ней приведена исчерпывающая информация о 150 микросхемах ведущих производителей полупроводниковых компонентов для мониторов (Fairchild Semiconductor, Genesis Microсhip, Matsushita Electric (Panasonic), Mitsubishi, Motorola, National Semiconductor, Philips, Samsung Semiconductor, Sanyo, Sanken, STMicroelectronics, Sony). 'Уникальная особенность справочника заключается в том, что для большинства микросхем приводятся не только основные функции, электрические характеристики, исполнение и назначение выводов, но и схемы включения. Последнее обстоятельство позволит специалисту-ремонтнику не тратить время и деньги на поиск принципиальной схемы монитора, а проанализировать и устранить неисправность, используя только материалы данной книги. |
| Kieli: | venäjä |
| Julkaistu: |
Москва, СОЛОН-Пресс, 2004
|
| Sarja: | Ремонт Вып. 74 |
| Aiheet: | |
| Aineistotyyppi: | Kirja |
| KOHA link: | https://koha.lib.tpu.ru/cgi-bin/koha/opac-detail.pl?biblionumber=73216 |
MARC
| LEADER | 00000nam0a2200000 4500 | ||
|---|---|---|---|
| 001 | 73216 | ||
| 005 | 20231031084149.0 | ||
| 010 | |a 598003160X | ||
| 035 | |a (RuTPU)RU\TPU\book\78111 | ||
| 090 | |a 73216 | ||
| 100 | |a 20050211d2004 km y0rusy50 ca | ||
| 101 | 0 | |a rus | |
| 102 | |a RU | ||
| 105 | |a a g 000zy | ||
| 200 | 1 | |a Микросхемы для современных мониторов |e справочное пособие |f Н. А. Тюнин | |
| 210 | |a Москва |c СОЛОН-Пресс |d 2004 | ||
| 215 | |a 331 с. |c ил. | ||
| 225 | 1 | |a Ремонт |v Вып. 74 | |
| 330 | |a Книга является первым справочным пособием по микросхемам для современных LCD- и CRT-мониторов. В ней приведена исчерпывающая информация о 150 микросхемах ведущих производителей полупроводниковых компонентов для мониторов (Fairchild Semiconductor, Genesis Microсhip, Matsushita Electric (Panasonic), Mitsubishi, Motorola, National Semiconductor, Philips, Samsung Semiconductor, Sanyo, Sanken, STMicroelectronics, Sony). 'Уникальная особенность справочника заключается в том, что для большинства микросхем приводятся не только основные функции, электрические характеристики, исполнение и назначение выводов, но и схемы включения. Последнее обстоятельство позволит специалисту-ремонтнику не тратить время и деньги на поиск принципиальной схемы монитора, а проанализировать и устранить неисправность, используя только материалы данной книги. | ||
| 610 | 1 | |a компьютеры | |
| 610 | 1 | |a мониторы | |
| 610 | 1 | |a микросхемы | |
| 610 | 1 | |a полупроводниковые компоненты | |
| 610 | 1 | |a функции | |
| 610 | 1 | |a характеристики | |
| 610 | 1 | |a назначение | |
| 610 | 1 | |a схемы включения | |
| 610 | 1 | |a справочники | |
| 675 | |a 681.322.02(035) |v 3 | ||
| 700 | 1 | |a Тюнин |b Н. А. |g Николай Анатольевич | |
| 801 | 1 | |a RU |b 63413507 |c 20050211 |g PSBO | |
| 801 | 2 | |a RU |b 63413507 |c 20210207 |g PSBO | |
| 942 | |c BK | ||
| 959 | |a 11/20050209 |d 2 |e 231 |f ЧЗТЛ:1 |f НФ:1 | ||